लोड हो रहा है...
Kazhchayude Bhoopadam
| मुख्य लेखक: | |
|---|---|
| स्वरूप: | Printed Book |
| भाषा: | Undetermined |
| प्रकाशित: |
Kozhikode
Mathrubhumi Printing & Publishing Co.Ltd
2012
|
| विषय: |
| LEADER | 00546nam a2200157Ia 4500 | ||
|---|---|---|---|
| 008 | 140316s9999 xx 000 0 und d | ||
| 020 | |a 9788182655447 | ||
| 082 | |a 791.43 |b SUR/KA | ||
| 100 | |a Suresh ,Babu | ||
| 245 | |a Kazhchayude Bhoopadam | ||
| 260 | |a Kozhikode |b Mathrubhumi Printing & Publishing Co.Ltd |c 2012 | ||
| 300 | |a 216 | ||
| 650 | |a Cinema | ||
| 942 | |2 ddc |c BK | ||
| 999 | |c 13712 |d 13712 | ||
| 952 | |0 0 |1 0 |2 ddc |4 0 |6 791_430000000000000_SURKA |7 0 |9 14948 |a KAUCLV |b KAUCLV |c GENERAL |d 2014-03-18 |l 1 |o 791.43 SUR/KA |p 223154 |r 2014-08-23 |s 2014-05-22 |w 2014-03-18 |y BK | ||